Permitted development rights for small scale renewable and low carbon energy technologies, and electric vehicle charging infrastructure (Record no. 110272)

MARC details
000 -LEADER
fixed length control field 01902cad a22002535 4500
001 - CONTROL NUMBER
control field L148891
008 - FIXED-LENGTH DATA ELEMENTS--GENERAL INFORMATION
fixed length control field 091123e20091117xxk f 000 0 eng u
020 ## - INTERNATIONAL STANDARD BOOK NUMBER
International Standard Book Number 9781409819974
035 ## - SYSTEM CONTROL NUMBER
System control number (Sirsi) u148891
041 0# - LANGUAGE CODE
Language code of text/sound track or separate title eng
050 ## - LIBRARY OF CONGRESS CALL NUMBER
Classification number 333.72 $2 18
110 1# - MAIN ENTRY--CORPORATE NAME
Corporate name or jurisdiction name as entry element United Kingdom
Subordinate unit Department for Communities and Local Government
9 (RLIN) 4939
245 00 - TITLE STATEMENT
Title Permitted development rights for small scale renewable and low carbon energy technologies, and electric vehicle charging infrastructure
Remainder of title consultation
Medium [electronic resource]
260 ## - PUBLICATION, DISTRIBUTION, ETC.
Place of publication, distribution, etc. London
Name of publisher, distributor, etc. DCLG
Date of publication, distribution, etc. 2009
505 2# - FORMATTED CONTENTS NOTE
Formatted contents note Consultation summary -- Introduction -- Potential impacts of the new technologies and the proposed regulatory approach -- Permitted development proposals: installations on domestic premises -- Permitted development proposals: installations on non-domestic premises -- Permitted development proposals: amendments to existing Parts 6 (Agricultural buildings and operation) and 7 (Forestry buildings and operations) -- Proposals relating to electric vehicle charging infrastructure -- About the consultation -- Annexes
520 ## - SUMMARY, ETC.
Summary, etc. Seeks views on Government proposals for changes to the planning system to introduce permitted development rights for small scale renewable and low-carbon technologies in domestic and non-domestic settings. Seeks comments on the introduction of permitted development rights and deemed advertisement consent in relation to electric vehicle charging infrastructure.
520 ## - SUMMARY, ETC.
Summary, etc. Deadline for comments is 9 February 2010.
590 ## - LOCAL NOTE (RLIN)
Local note KA NTK
650 24 - SUBJECT ADDED ENTRY--TOPICAL TERM
Topical term or geographic name entry element TOWN AND COUNTRY PLANNING (GENERAL PERMITTED DEVELOPMENT) ORDER 1995
651 #4 - SUBJECT ADDED ENTRY--GEOGRAPHIC NAME
Geographic name England
Chronological subdivision 886-
690 ## - LOCAL SUBJECT ADDED ENTRY--TOPICAL TERM (OCLC, RLIN)
Topical term or geographic name as entry element ENVIRONMENTAL AND LAND CONSULTANCY-ENERGY
856 40 - ELECTRONIC LOCATION AND ACCESS
Uniform Resource Identifier <a href="https://www.communities.gov.uk/publications/planningandbuilding/microgenelectriccars">https://www.communities.gov.uk/publications/planningandbuilding/microgenelectriccars</a>
Public note View the consultation free of charge at www.communities.gov.uk...
942 ## - ADDED ENTRY ELEMENTS (KOHA)
Suppress in OPAC 0
Holdings
Withdrawn status Lost status Source of classification or shelving scheme Damaged status Not for loan Home library Current library Shelving location Date acquired Total Checkouts Full call number Barcode Date last seen Copy number Price effective from Koha item type
    Dewey Decimal Classification     Virtual Virtual Online 23/11/2009   ONLINE PUBLICATION 148891-2001 06/08/2019 1 06/08/2019 Book